000 00496nam a2200181Ia 4500
005 20250326125353.0
008 250326s9999 xx 000 0 und d
037 _aTextbook
040 _aFMSL
_beng
_cFMSL
041 _aeng
_2eng
084 _aX8(J).6 K7.2
_qFMSL
100 _aJain S C
245 0 _aAgricultural development of African nations
_cJain S C
260 _aBombay
_bBombay, Vora
_c1967
300 _a269p
942 _cTB
_hX8(J).6 K7.2
999 _c1277739
_d1277739